Subdivision capitals closest to Trenčín (SK) - Statistics

General Stats
  • This quiz has been taken 26 times
  • The average score is 12 of 20
Answer Stats
Distance (km) Answer % Correct
8 108 Bratislava
94%
3 65 Nitra
83%
7 106 Ostrava
83%
4 66 Trnava
83%
11 145 Wien
83%
5 83 Banská Bystrica
78%
9 110 Brno
78%
18 189 Kraków
78%
2 63 Žilina
78%
15 167 Katowice
72%
1 46 Zlín
72%
16 171 Budapest
67%
6 97 Olomouc
67%
17 187 Jihlava
50%
10 137 Győr
44%
12 148 Tatabánya
33%
14 162 Eisenstadt
22%
20 194 Sankt Pölten
22%
19 191 Székesfehérvár
17%
13 157 Salgótarján
11%
No matching quizzes found
Score Distribution
Percent of People with Each Score
Percentile by Number Answered
Your Score History
You have not taken this quiz